| 000 | 00979ngm a2200169 a 4500 | ||
|---|---|---|---|
| 005 | 20240113063627.0 | ||
| 008 | 010918s1980 mx 020 aaspa d | ||
| 035 | _aUPN01000111710 | ||
| 049 | _aAV | ||
| 050 | 4 | _aPVI R 1150 | |
| 245 | 0 | 0 | _aAprendiendo sobre el sida. |
| 260 |
_aMéxico : _bPelículas Ebesa [distribuidor], _c[198-?]. |
||
| 300 |
_a1 videocasete (VHS) (20 min.) : _bson., col. |
||
| 520 | _a"La investigación muestra que el comportamiento es uno de los factores más importantes en determinar la posibilidad de adquirir y propagar el virus del SIDA. Con una educación apropiada, el riesgo de adquirir y propagar la enfermedad, puede reducirse en gran parte. El programa intenta explicar por qué la educación ayuda a dirigir con sensibilidad algunos, de los muchos y complejos, argumentos de moralidad, religión y necesidades básicas humanas que se producen cuando se discute sobre el SIDA" | ||
| 650 | 4 |
_aSIDA _xPrevención _912138 |
|
| 905 | _aAudiovisuales | ||
| 999 |
_c85618 _d85618 |
||